000 00287nam a2200121Ia 4500
008 231107s2012 xx 000 0 und d
041 _aeng
082 _a624.151
100 _aMatteson Donna
245 _aArchitecture
260 _aJapan
_bDelmar Cengage Learning
_c2012
300 _a454
999 _c931425
_d931425